000 00646nam a22001937a 4500
005 20251108164200.0
008 250721s1991 xx 000 0 ara d
082 1 4 _a301.329565/ربا
100 1 _aالربايعة، أحمد
245 1 0 _aالسكان و الحياة الإجتماعية /
264 1 _aعمان :
_bالمجمع الملكي لبحوث الحضارة الإسلامية - لجنة تاريخ الأردن،
_c1991.
300 _a108ص.
490 0 _aسلسلة كتب المطالعة ؛ 3
650 1 7 _aالأردن
650 1 7 _aالسكان
700 1 _aحموده، أحمد
942 _2ddc
_cBK
999 _c5731
_d5731